000 00703nam a2200229Ii 4500
003 JO-AjNU
008 230605s9999||||xx |||||||||||||| ||und||
017 _a1994/2010
020 _a977-274-039-7
040 _aJO-AjNU
_bara
_erda
_cJO-AjNU
041 _aara
050 1 4 _aDS36.8.U8332 1994
100 3 _aعصفور، جابر,
_eauthor
_98332
245 0 0 _aهوامش على دفتر التنوير
250 _aط1
264 3 1 _aاالكويت: دار سعاد الصباح، 1994
300 _a448ص
336 _atext
_btxt
_2rdacontent
337 _aunmediated
_bn
_2rdamedia
338 _avolume
_bnc
_2rdacarrier
650 4 _aمقالات عربية- القرن العشرون-مصر
_98333
999 _aA734
_c4302
_d4302